00870 2200301 4500001002100000005001500021035002000036007000300056008004100059020002200100040002200122082001700144084001900161090002300180090002200203100002600225245006800251300003800319650001900357850001200376041000800388264003500396336002100431337003000452338002300482250004100505990002200546INLIS00000000084655820190426014436 a0010-0419001417ta190424s2018 yoia g ind d a978-602-5759-40-6 aYOPDYOGbinderda04223a621.3987 a621.3987 SAI m aDEP 621.3987 SAI m aCB-D.11 2018-19310 aSaludin Muizepenulis10aMonitor (CRT) digital Komputer edisi 2 /cpenulis, Saludin Muis a134 halaman :bilustrasi ;c24 cm 4aTeknik Monitor aYOPDYOG0 aind31aYogyakarta :bTeknosain,c2018 2rdacontentateks 2rdamediaatanpa perantara 2rdacarrieravolume aedisi pertama; Cetakan pertama, 2018 aCB-D.11/2018-1931